000 00870nam a22002415i 4500
001 48045
003 ES-MaACL
005 20250822062528.0
007 t|
008 981127s1870 sp ||||1| spa d
040 _aCLM
_bspa
_cCCPB
100 1 _aCruzada Villaamil, Gregorio.
_941863
245 1 4 _aLos tapices de Goya /
_cpor G. Cruzada Villaamil.
260 _aMadrid :
_b[s.n.],
_c1870 (
_fImprenta y Estereotipia de M. Rivadeneyra)
300 _aLXX, 148 p. ;
_c18 cm.
490 1 _aBiblioteca de El Arte de España ;
_v8
505 8 _aContiene: Apendice de documentos del Archivo de Palacio y notas del Archivo de la Fábrica de Santa Barbara (p. I-LXX)
600 1 4 _aGoya, Francisco de,
_d1746-1828
_9240353
830 0 0 _aBiblioteca de El arte en España
_v8
_9188326
852 _aES-MaACL
_jG-13912
942 _2udc
999 _c48045
_d48045